[Event "ODJM C 2025"]
[Site "Willingen GER"]
[Date "2025.06.08"]
[Round "2"]
[White "Yan, Jenny"]
[Black "Hirtzel, Amelie Meiyan"]
[Result "1-0"]
[Termination "normal"]
[Board "1"]
[WhiteElo "1509"]
[BlackElo "1172"]
[WhiteClock "00:11:30"]
[BlackClock "00:33:07"]
[PlyCount "139"]
[WhiteFideId "34630376"]
[BlackFideId "533001898"]
[EventCountry "GER"]
[EventRounds "9"]
[EventType "swiss"]
[EventDate "2025.06.07"]

1. c4 {[%clk 01:30:59]} c6 {[%clk 01:30:48]} {[%emt 00:00:17]} 2. Nc3 {[%clk
01:31:20]} {[%emt 00:00:04]} d5 {[%clk 01:31:09]} {[%emt 00:00:09]} 3. cxd5
{[%clk 01:31:20]} {[%emt 00:00:30]} cxd5 {[%clk 01:31:30]} {[%emt 00:00:13]} 4.
d4 {[%clk 01:31:11]} {[%emt 00:00:33]} Nf6 {[%clk 01:31:26]} {[%emt 00:00:35]}
5. Bf4 {[%clk 01:31:21]} {[%emt 00:00:19]} Nc6 {[%clk 01:31:32]} {[%emt
00:00:24]} 6. Nf3 {[%clk 01:31:05]} {[%emt 00:00:46]} Bf5 {[%clk 01:31:31]}
{[%emt 00:00:32]} 7. e3 {[%clk 01:28:42]} {[%emt 00:02:53]} e6 {[%clk
01:31:17]} {[%emt 00:00:44]} 8. Bb5 {[%clk 01:27:53]} {[%emt 00:01:19]} Qb6
{[%clk 01:30:20]} {[%emt 00:01:26]} 9. Ne5 {[%clk 01:24:30]} {[%emt 00:03:53]}
Bd6 {[%clk 01:29:19]} {[%emt 00:01:32]} 10. Nxc6 {[%clk 01:17:15]} {[%emt
00:07:45]} bxc6 {[%clk 01:29:12]} {[%emt 00:00:37]} 11. Bxd6 {[%clk 01:15:59]}
{[%emt 00:01:45]} cxb5 {[%clk 01:28:53]} {[%emt 00:00:50]} 12. Bg3 {[%clk
01:15:30]} {[%emt 00:00:58]} O-O {[%clk 01:27:04]} {[%emt 00:02:20]} 13. O-O
{[%clk 01:13:16]} {[%emt 00:02:43]} Rac8 {[%clk 01:25:52]} {[%emt 00:01:43]}
14. Qe2 {[%clk 01:11:42]} {[%emt 00:02:03]} b4 {[%clk 01:24:44]} {[%emt
00:01:39]} 15. Na4 {[%clk 01:06:17]} {[%emt 00:05:55]} Qa5 {[%clk 01:21:57]}
{[%emt 00:03:16]} 16. Nc5 {[%clk 01:05:42]} {[%emt 00:01:05]} Ne4 {[%clk
01:17:41]} {[%emt 00:04:46]} 17. Nxe4 {[%clk 01:03:45]} {[%emt 00:02:27]} Bxe4
{[%clk 01:17:58]} {[%emt 00:00:14]} 18. b3 {[%clk 01:02:53]} {[%emt 00:01:21]}
Rc2 {[%clk 01:16:24]} {[%emt 00:02:04]} 19. Qe1 {[%clk 01:01:41]} {[%emt
00:01:42]} Rfc8 {[%clk 01:13:47]} {[%emt 00:03:08]} 20. f3 {[%clk 00:59:51]}
{[%emt 00:02:20]} Bd3 {[%clk 01:12:33]} {[%emt 00:01:42]} 21. Rf2 {[%clk
00:54:31]} {[%emt 00:05:51]} Rxf2 {[%clk 01:10:23]} {[%emt 00:02:40]} 22. Bxf2
{[%clk 00:53:55]} {[%emt 00:01:06]} Rc2 {[%clk 01:08:51]} {[%emt 00:02:01]} 23.
a3 {[%clk 00:52:27]} {[%emt 00:02:00]} Re2 {[%clk 01:06:33]} {[%emt 00:02:45]}
24. Qxb4 {[%clk 00:51:04]} {[%emt 00:01:56]} Qc7 {[%clk 01:04:52]} {[%emt
00:02:06]} 25. Qc5 {[%clk 00:48:11]} {[%emt 00:03:27]} Qd7 {[%clk 01:03:37]}
{[%emt 00:01:40]} 26. Rc1 {[%clk 00:46:45]} {[%emt 00:02:00]} h6 {[%clk
01:03:47]} {[%emt 00:00:21]} 27. Qc8+ {[%clk 00:44:54]} {[%emt 00:02:21]} Qxc8
{[%clk 01:04:07]} {[%emt 00:00:10]} 28. Rxc8+ {[%clk 00:45:20]} {[%emt
00:00:04]} Kh7 {[%clk 01:04:25]} {[%emt 00:00:12]} 29. Rc7 {[%clk 00:45:29]}
{[%emt 00:00:20]} Kg6 {[%clk 01:04:29]} {[%emt 00:00:28]} 30. Rxa7 {[%clk
00:45:11]} {[%emt 00:00:47]} Rb2 {[%clk 01:02:59]} {[%emt 00:02:00]} 31. g4
{[%clk 00:40:57]} {[%emt 00:04:43]} Rxb3 {[%clk 01:01:15]} {[%emt 00:02:15]}
32. a4 {[%clk 00:37:27]} {[%emt 00:04:00]} Rb6 {[%clk 00:56:07]} {[%emt
00:05:37]} 33. Be1 {[%clk 00:32:53]} {[%emt 00:05:00]} Rb1 {[%clk 00:51:03]}
{[%emt 00:05:39]} 34. Kf2 {[%clk 00:32:25]} {[%emt 00:00:58]} Rb2+ {[%clk
00:50:33]} {[%emt 00:00:58]} 35. Kg3 {[%clk 00:32:00]} {[%emt 00:00:55]} Ra2
{[%clk 00:49:44]} {[%emt 00:01:20]} 36. h4 {[%clk 00:30:35]} {[%emt 00:01:56]}
Kf6 {[%clk 00:44:58]} {[%emt 00:05:16]} 37. h5 {[%clk 00:27:08]} {[%emt
00:03:57]} Bc2 {[%clk 00:41:58]} {[%emt 00:03:30]} 38. a5 {[%clk 00:27:03]}
{[%emt 00:00:35]} Bd3 {[%clk 00:41:37]} {[%emt 00:00:48]} 39. Rc7 {[%clk
00:23:27]} {[%emt 00:04:08]} Re2 {[%clk 00:39:59]} {[%emt 00:02:09]} 40. Bb4
{[%clk 00:20:19]} {[%emt 00:03:38]} g6 {[%clk 00:38:22]} {[%emt 00:02:07]} 41.
hxg6 {[%clk 00:16:25]} {[%emt 00:04:23]} Kxg6 {[%clk 00:38:38]} {[%emt
00:00:14]} 42. Bd6 {[%clk 00:13:44]} {[%emt 00:03:10]} Ra2 {[%clk 00:38:25]}
{[%emt 00:00:44]} 43. Bb4 {[%clk 00:09:42]} {[%emt 00:04:30]} Ra4 {[%clk
00:38:19]} {[%emt 00:00:37]} 44. Bc3 {[%clk 00:07:50]} {[%emt 00:02:20]} Ra3
{[%clk 00:37:43]} {[%emt 00:01:09]} 45. Kf4 {[%clk 00:05:15]} {[%emt 00:03:04]}
Kf6 {[%clk 00:37:23]} {[%emt 00:00:50]} 46. e4 {[%clk 00:04:09]} {[%emt
00:01:38]} dxe4 {[%clk 00:36:38]} {[%emt 00:01:15]} 47. fxe4 {[%clk 00:04:18]}
{[%emt 00:00:20]} Kg7 {[%clk 00:36:55]} {[%emt 00:00:13]} 48. d5+ {[%clk
00:04:08]} {[%emt 00:00:40]} Kf8 {[%clk 00:35:38]} {[%emt 00:02:58]} 49. d6
{[%clk 00:06:39]} {[%emt 00:00:26]} Ke8 {[%clk 00:34:54]} {[%emt 00:01:11]} 50.
d7+ {[%clk 00:06:22]} {[%emt 00:00:50]} Kd8 {[%clk 00:34:32]} {[%emt 00:00:52]}
51. Bf6+ {[%clk 00:06:40]} {[%emt 00:00:11]} Kxc7 {[%clk 00:34:35]} {[%emt
00:00:28]} 52. d8=Q+ {[%clk 00:07:02]} {[%emt 00:00:08]} Kc6 {[%clk 00:34:45]}
{[%emt 00:00:16]} 53. Qe8+ {[%clk 00:06:35]} {[%emt 00:01:00]} Kb7 {[%clk
00:34:33]} {[%emt 00:00:42]} 54. Qe7+ {[%clk 00:06:56]} {[%emt 00:00:10]} Kc6
{[%clk 00:34:33]} {[%emt 00:00:30]} 55. Qxa3 {[%clk 00:07:18]} {[%emt
00:00:08]} Ba6 {[%clk 00:33:55]} {[%emt 00:01:05]} 56. Qe7 {[%clk 00:07:18]}
{[%emt 00:00:31]} Kb5 {[%clk 00:33:25]} {[%emt 00:01:02]} 57. Qxf7 {[%clk
00:07:30]} {[%emt 00:00:18]} Kxa5 {[%clk 00:32:56]} {[%emt 00:00:59]} 58. Qxe6
{[%clk 00:07:48]} {[%emt 00:00:11]} Kb5 {[%clk 00:32:58]} {[%emt 00:00:28]} 59.
e5 {[%clk 00:07:49]} {[%emt 00:00:30]} Ka5 {[%clk 00:32:26]} {[%emt 00:01:01]}
60. Qxa6+ {[%clk 00:08:10]} {[%emt 00:00:09]} Kxa6 {[%clk 00:32:31]} {[%emt
00:00:27]} 61. e6 {[%clk 00:08:17]} {[%emt 00:00:22]} Kb5 {[%clk 00:32:39]}
{[%emt 00:00:22]} 62. e7 {[%clk 00:08:33]} {[%emt 00:00:13]} Kc5 {[%clk
00:32:39]} {[%emt 00:00:30]} 63. e8=Q {[%clk 00:08:54]} {[%emt 00:00:10]} Kc4
{[%clk 00:32:40]} {[%emt 00:00:29]} 64. Qe5 {[%clk 00:09:11]} {[%emt 00:00:11]}
Kb3 {[%clk 00:32:31]} {[%emt 00:00:40]} 65. Qc3+ {[%clk 00:09:35]} {[%emt
00:00:06]} Ka4 {[%clk 00:32:25]} {[%emt 00:00:35]} 66. Qb2 {[%clk 00:09:57]}
{[%emt 00:00:10]} Ka5 {[%clk 00:32:28]} {[%emt 00:00:27]} 67. Ke5 {[%clk
00:10:18]} {[%emt 00:00:08]} Ka4 {[%clk 00:32:29]} {[%emt 00:00:30]} 68. Kd4
{[%clk 00:10:42]} {[%emt 00:00:06]} Ka5 {[%clk 00:32:52]} {[%emt 00:00:07]} 69.
Kc5 {[%clk 00:11:05]} {[%emt 00:00:08]} Ka6 {[%clk 00:33:07]} {[%emt 00:00:15]}
70. Qb6# {[%clk 00:11:30]} {[%emt 00:00:04]} 1-0

[Event "ODJM C 2025"]
[Site "Willingen GER"]
[Date "2025.06.08"]
[Round "2"]
[White "Du, Vivian"]
[Black "Böker, Maximilian"]
[Result "0-1"]
[Termination "normal"]
[Board "2"]
[WhiteElo "1189"]
[BlackElo "1534"]
[WhiteClock "01:14:13"]
[BlackClock "01:21:12"]
[PlyCount "70"]
[WhiteFideId "533025924"]
[BlackFideId "34623868"]
[EventCountry "GER"]
[EventRounds "9"]
[EventType "swiss"]
[EventDate "2025.06.07"]

1. e4 {[%clk 01:14:13]} c6 {[%clk 01:21:12]} 2. d4 {[%clk 01:14:13]} d5 {[%clk
01:21:12]} 3. exd5 {[%clk 01:14:13]} cxd5 {[%clk 01:21:12]} 4. Bd3 {[%clk
01:14:13]} e6 {[%clk 01:21:12]} 5. Bf4 {[%clk 01:14:13]} Nf6 {[%clk 01:21:12]}
6. Nf3 {[%clk 01:14:13]} Bd6 {[%clk 01:21:12]} 7. Ne5 {[%clk 01:14:13]} Nc6
{[%clk 01:21:12]} 8. c3 {[%clk 01:14:13]} Bxe5 {[%clk 01:21:12]} 9. dxe5 {[%clk
01:14:13]} Nd7 {[%clk 01:21:12]} 10. Qe2 {[%clk 01:14:13]} Qc7 {[%clk
01:21:12]} 11. Nd2 {[%clk 01:14:13]} Ndxe5 {[%clk 01:21:12]} 12. O-O {[%clk
01:14:13]} O-O {[%clk 01:21:12]} 13. Rfe1 {[%clk 01:14:13]} f6 {[%clk
01:21:12]} 14. Nf3 {[%clk 01:14:13]} Nxf3+ {[%clk 01:21:12]} 15. Qxf3 {[%clk
01:14:13]} Qf7 {[%clk 01:21:12]} 16. Qh3 {[%clk 01:14:13]} h6 {[%clk 01:21:12]}
17. Qe3 {[%clk 01:14:13]} e5 {[%clk 01:21:12]} 18. Bg3 {[%clk 01:14:13]} Ne7
{[%clk 01:21:12]} 19. Qc5 {[%clk 01:14:13]} Nf5 {[%clk 01:21:12]} 20. Bxf5
{[%clk 01:14:13]} Bxf5 {[%clk 01:21:12]} 21. Rad1 {[%clk 01:14:13]} Rfd8 {[%clk
01:21:12]} 22. Re2 {[%clk 01:14:13]} b6 {[%clk 01:21:12]} 23. Qb5 {[%clk
01:14:13]} Qd7 {[%clk 01:21:12]} 24. Qb3 {[%clk 01:14:13]} Rac8 {[%clk
01:21:12]} 25. Red2 {[%clk 01:14:13]} Be6 {[%clk 01:21:12]} 26. Qc2 {[%clk
01:14:13]} Qc6 {[%clk 01:21:12]} 27. Qg6 {[%clk 01:14:13]} Qc4 {[%clk
01:21:12]} 28. Qb1 {[%clk 01:14:13]} b5 {[%clk 01:21:12]} 29. Rc1 {[%clk
01:14:13]} d4 {[%clk 01:21:12]} 30. b3 {[%clk 01:14:13]} Qc6 {[%clk 01:21:12]}
31. Rdd1 {[%clk 01:14:13]} dxc3 {[%clk 01:21:12]} 32. Rxd8+ {[%clk 01:14:13]}
Rxd8 {[%clk 01:21:12]} 33. Qc2 {[%clk 01:14:13]} Rd2 {[%clk 01:21:12]} 34. Qb1
{[%clk 01:14:13]} c2 {[%clk 01:21:12]} 35. Qa1 {[%clk 01:14:13]} Qd6 {[%clk
01:21:12]} 0-1

[Event "ODJM C 2025"]
[Site "Willingen GER"]
[Date "2025.06.08"]
[Round "2"]
[White "Anzinger, Simon"]
[Black "Gakhov, Gabriel"]
[Result "0-1"]
[Termination "normal"]
[Board "3"]
[WhiteElo "1541"]
[BlackElo "1519"]
[WhiteClock "00:58:37"]
[BlackClock "00:46:24"]
[PlyCount "78"]
[WhiteFideId "34698825"]
[BlackFideId "533017875"]
[EventCountry "GER"]
[EventRounds "9"]
[EventType "swiss"]
[EventDate "2025.06.07"]

1. e4 {[%clk 01:30:56]} {[%emt 00:00:02]} c6 {[%clk 01:30:56]} {[%emt
00:00:06]} 2. d4 {[%clk 01:30:49]} {[%emt 00:00:36]} d5 {[%clk 01:31:18]}
{[%emt 00:00:09]} 3. exd5 {[%clk 01:30:39]} {[%emt 00:00:38]} cxd5 {[%clk
01:31:19]} {[%emt 00:00:29]} 4. c4 {[%clk 01:28:56]} {[%emt 00:02:13]} e6
{[%clk 01:31:07]} {[%emt 00:00:42]} 5. Nc3 {[%clk 01:28:57]} {[%emt 00:00:28]}
Nc6 {[%clk 01:31:12]} {[%emt 00:00:25]} 6. c5 {[%clk 01:28:25]} {[%emt
00:01:03]} Nf6 {[%clk 01:30:47]} {[%emt 00:00:56]} 7. Bb5 {[%clk 01:27:50]}
{[%emt 00:01:05]} a6 {[%clk 01:30:33]} {[%emt 00:00:44]} 8. Bxc6+ {[%clk
01:27:20]} {[%emt 00:00:59]} bxc6 {[%clk 01:30:52]} {[%emt 00:00:12]} 9. Nf3
{[%clk 01:27:15]} {[%emt 00:00:34]} a5 {[%clk 01:29:18]} {[%emt 00:02:04]} 10.
Qa4 {[%clk 01:24:00]} {[%emt 00:03:46]} Bb7 {[%clk 01:25:26]} {[%emt 00:04:22]}
11. O-O {[%clk 01:23:29]} {[%emt 00:01:01]} Be7 {[%clk 01:24:18]} {[%emt
00:01:38]} 12. Bf4 {[%clk 01:21:38]} {[%emt 00:02:21]} O-O {[%clk 01:22:07]}
{[%emt 00:02:41]} 13. Qc2 {[%clk 01:19:00]} {[%emt 00:03:07]} Nh5 {[%clk
01:17:15]} {[%emt 00:05:23]} 14. Bd2 {[%clk 01:18:29]} {[%emt 00:01:01]} g6
{[%clk 01:14:16]} {[%emt 00:03:28]} 15. a3 {[%clk 01:15:39]} {[%emt 00:03:21]}
Ba6 {[%clk 01:12:33]} {[%emt 00:02:12]} 16. Rfe1 {[%clk 01:11:55]} {[%emt
00:04:12]} Bb5 {[%clk 01:10:55]} {[%emt 00:02:10]} 17. Nxb5 {[%clk 01:11:48]}
{[%emt 00:00:38]} cxb5 {[%clk 01:11:05]} {[%emt 00:00:20]} 18. b4 {[%clk
01:11:57]} {[%emt 00:00:21]} a4 {[%clk 01:10:49]} {[%emt 00:00:46]} 19. Ne5
{[%clk 01:11:04]} {[%emt 00:01:22]} f6 {[%clk 01:08:26]} {[%emt 00:02:53]} 20.
Nc6 {[%clk 01:10:13]} {[%emt 00:01:22]} Qd7 {[%clk 01:08:37]} {[%emt 00:00:18]}
21. Nxe7+ {[%clk 01:10:29]} {[%emt 00:00:14]} Qxe7 {[%clk 01:08:57]} {[%emt
00:00:10]} 22. Qa2 {[%clk 01:09:31]} {[%emt 00:01:29]} Qd7 {[%clk 01:05:44]}
{[%emt 00:03:39]} 23. Re2 {[%clk 01:08:12]} {[%emt 00:01:53]} Rfe8 {[%clk
01:05:11]} {[%emt 00:01:02]} 24. Rae1 {[%clk 01:08:30]} {[%emt 00:00:12]} Re7
{[%clk 01:02:12]} {[%emt 00:03:30]} 25. Bc3 {[%clk 01:05:39]} {[%emt 00:03:22]}
Ng7 {[%clk 00:57:58]} {[%emt 00:04:44]} 26. Qb2 {[%clk 01:04:47]} {[%emt
00:01:22]} Rae8 {[%clk 00:55:30]} {[%emt 00:02:58]} 27. h3 {[%clk 01:04:48]}
{[%emt 00:00:27]} h5 {[%clk 00:55:36]} {[%emt 00:00:26]} 28. Qc2 {[%clk
01:04:49]} {[%emt 00:00:29]} Kf7 {[%clk 00:55:05]} {[%emt 00:01:00]} 29. f3
{[%clk 01:03:58]} {[%emt 00:01:21]} Nf5 {[%clk 00:54:25]} {[%emt 00:01:10]} 30.
g4 {[%clk 01:03:47]} {[%emt 00:00:40]} Ng3 {[%clk 00:53:51]} {[%emt 00:01:05]}
31. Rg2 {[%clk 01:04:00]} {[%emt 00:00:17]} h4 {[%clk 00:53:59]} {[%emt
00:00:23]} 32. Bd2 {[%clk 01:03:22]} {[%emt 00:01:07]} g5 {[%clk 00:53:41]}
{[%emt 00:00:48]} 33. Be3 {[%clk 01:00:56]} {[%emt 00:02:56]} e5 {[%clk
00:49:20]} {[%emt 00:04:52]} 34. dxe5 {[%clk 00:59:51]} {[%emt 00:01:35]} Rxe5
{[%clk 00:48:51]} {[%emt 00:00:59]} 35. Qd2 {[%clk 00:59:09]} {[%emt 00:01:09]}
Qe6 {[%clk 00:47:15]} {[%emt 00:02:07]} 36. Qd3 {[%clk 00:58:13]} {[%emt
00:01:25]} Rxe3 {[%clk 00:46:38]} {[%emt 00:01:10]} 37. Qh7+ {[%clk 00:58:37]}
{[%emt 00:00:05]} Kf8 {[%clk 00:46:25]} {[%emt 00:00:37]} 38. Qh8+ {[%clk
00:58:25]} {[%emt 00:00:48]} Ke7 {[%clk 00:46:38]} {[%emt 00:00:17]} 39. Qg7+
{[%clk 00:58:37]} {[%emt 00:00:17]} Kd8 {[%clk 00:46:24]} {[%emt 00:00:44]} 0-1

[Event "ODJM C 2025"]
[Site "Willingen GER"]
[Date "2025.06.08"]
[Round "2"]
[White "Romberg, Moritz"]
[Black "Hantke, Florian"]
[Result "0-1"]
[Termination "normal"]
[Board "4"]
[WhiteElo "1565"]
[BlackElo "1517"]
[WhiteClock "01:11:46"]
[BlackClock "00:58:12"]
[PlyCount "120"]
[WhiteFideId "34676600"]
[BlackFideId "34638962"]
[EventCountry "GER"]
[EventRounds "9"]
[EventType "swiss"]
[EventDate "2025.06.07"]

1. d4 {[%clk 01:30:59]} {[%emt 00:00:01]} d5 {[%clk 01:30:47]} {[%emt
00:00:17]} 2. c4 {[%clk 01:31:23]} {[%emt 00:00:02]} e6 {[%clk 01:30:59]}
{[%emt 00:00:18]} 3. Nc3 {[%clk 01:31:41]} {[%emt 00:00:12]} Nf6 {[%clk
01:31:12]} {[%emt 00:00:24]} 4. Bg5 {[%clk 01:31:59]} {[%emt 00:00:05]} Be7
{[%clk 01:31:12]} {[%emt 00:00:30]} 5. e3 {[%clk 01:32:16]} {[%emt 00:00:13]}
O-O {[%clk 01:30:31]} {[%emt 00:01:10]} 6. Nf3 {[%clk 01:31:26]} {[%emt
00:01:20]} c6 {[%clk 01:30:29]} {[%emt 00:00:33]} 7. cxd5 {[%clk 01:31:08]}
{[%emt 00:00:48]} cxd5 {[%clk 01:30:44]} {[%emt 00:00:15]} 8. Bd3 {[%clk
01:31:06]} {[%emt 00:00:31]} Re8 {[%clk 01:30:23]} {[%emt 00:00:51]} 9. O-O
{[%clk 01:30:22]} {[%emt 00:01:14]} Nbd7 {[%clk 01:29:58]} {[%emt 00:00:55]}
10. e4 {[%clk 01:29:22]} {[%emt 00:01:31]} dxe4 {[%clk 01:27:35]} {[%emt
00:02:52]} 11. Nxe4 {[%clk 01:28:29]} {[%emt 00:01:24]} Nxe4 {[%clk 01:27:47]}
{[%emt 00:00:19]} 12. Bxe7 {[%clk 01:28:49]} {[%emt 00:00:09]} Qxe7 {[%clk
01:28:09]} {[%emt 00:00:08]} 13. Bxe4 {[%clk 01:29:01]} {[%emt 00:00:17]} Nf6
{[%clk 01:28:34]} {[%emt 00:00:05]} 14. Qd3 {[%clk 01:27:39]} {[%emt 00:01:52]}
Qb4 {[%clk 01:19:30]} {[%emt 00:09:33]} 15. b3 {[%clk 01:26:37]} {[%emt
00:01:33]} Bd7 {[%clk 01:19:08]} {[%emt 00:00:53]} 16. a3 {[%clk 01:24:31]}
{[%emt 00:02:36]} Qb6 {[%clk 01:19:26]} {[%emt 00:00:12]} 17. Ne5 {[%clk
01:24:18]} {[%emt 00:00:43]} Bb5 {[%clk 01:18:58]} {[%emt 00:00:58]} 18. Nc4
{[%clk 01:24:13]} {[%emt 00:00:35]} Rac8 {[%clk 01:18:07]} {[%emt 00:01:21]}
19. Nxb6 {[%clk 01:24:00]} {[%emt 00:00:43]} Bxd3 {[%clk 01:18:27]} {[%emt
00:00:09]} 20. Bxd3 {[%clk 01:23:38]} {[%emt 00:00:52]} axb6 {[%clk 01:18:49]}
{[%emt 00:00:09]} 21. Bc4 {[%clk 01:23:14]} {[%emt 00:00:54]} Red8 {[%clk
01:16:53]} {[%emt 00:02:26]} 22. Rad1 {[%clk 01:22:26]} {[%emt 00:01:18]} h6
{[%clk 01:15:10]} {[%emt 00:02:12]} 23. f3 {[%clk 01:19:59]} {[%emt 00:02:56]}
Rc7 {[%clk 01:08:08]} {[%emt 00:07:34]} 24. Rfe1 {[%clk 01:18:42]} {[%emt
00:01:46]} Rcd7 {[%clk 01:08:08]} {[%emt 00:00:30]} 25. Bxe6 {[%clk 01:15:44]}
{[%emt 00:03:28]} fxe6 {[%clk 01:07:45]} {[%emt 00:00:53]} 26. Rxe6 {[%clk
01:16:06]} {[%emt 00:00:09]} Rd6 {[%clk 01:08:12]} {[%emt 00:00:03]} 27. Rde1
{[%clk 01:15:57]} {[%emt 00:00:39]} R8d7 {[%clk 01:06:54]} {[%emt 00:01:47]}
28. Kf2 {[%clk 01:15:00]} {[%emt 00:01:27]} Kf7 {[%clk 01:07:12]} {[%emt
00:00:12]} 29. Rxd6 {[%clk 01:14:27]} {[%emt 00:01:04]} Rxd6 {[%clk 01:07:37]}
{[%emt 00:00:05]} 30. Rd1 {[%clk 01:14:40]} {[%emt 00:00:16]} Rd5 {[%clk
01:06:22]} {[%emt 00:01:45]} 31. Ke3 {[%clk 01:14:33]} {[%emt 00:00:37]} Ke7
{[%clk 01:06:31]} {[%emt 00:00:22]} 32. g4 {[%clk 01:14:25]} {[%emt 00:00:38]}
Kd6 {[%clk 01:06:34]} {[%emt 00:00:28]} 33. Rc1 {[%clk 01:14:29]} {[%emt
00:00:25]} Kd7 {[%clk 01:06:51]} {[%emt 00:00:12]} 34. h3 {[%clk 01:13:31]}
{[%emt 00:01:27]} Rd6 {[%clk 01:05:51]} {[%emt 00:01:32]} 35. Kd3 {[%clk
01:13:16]} {[%emt 00:00:45]} Nd5 {[%clk 01:05:58]} {[%emt 00:00:22]} 36. Ke4
{[%clk 01:11:56]} {[%emt 00:01:50]} Nc7 {[%clk 01:03:34]} {[%emt 00:02:55]} 37.
f4 {[%clk 01:10:26]} {[%emt 00:01:59]} Nb5 {[%clk 01:03:52]} {[%emt 00:00:13]}
38. a4 {[%clk 01:09:38]} {[%emt 00:01:18]} Nxd4 {[%clk 01:04:15]} {[%emt
00:00:07]} 39. Rd1 {[%clk 01:09:21]} {[%emt 00:00:47]} Nxb3 {[%clk 01:04:12]}
{[%emt 00:00:33]} 40. Rxd6+ {[%clk 01:09:42]} {[%emt 00:00:08]} Kxd6 {[%clk
01:04:38]} {[%emt 00:00:04]} 41. Kf5 {[%clk 01:09:56]} {[%emt 00:00:17]} Nd4+
{[%clk 01:04:55]} {[%emt 00:00:13]} 42. Kg6 {[%clk 01:10:14]} {[%emt 00:00:13]}
b5 {[%clk 01:04:31]} {[%emt 00:00:54]} 43. axb5 {[%clk 01:10:36]} {[%emt
00:00:06]} Nxb5 {[%clk 01:04:58]} {[%emt 00:00:04]} 44. Kxg7 {[%clk 01:10:56]}
{[%emt 00:00:10]} Nc7 {[%clk 01:05:24]} {[%emt 00:00:03]} 45. Kxh6 {[%clk
01:10:47]} {[%emt 00:00:39]} b5 {[%clk 01:05:51]} {[%emt 00:00:04]} 46. g5
{[%clk 01:11:09]} {[%emt 00:00:08]} b4 {[%clk 01:06:03]} {[%emt 00:00:18]} 47.
g6 {[%clk 01:11:20]} {[%emt 00:00:19]} Ne8 {[%clk 01:06:29]} {[%emt 00:00:04]}
48. Kg5 {[%clk 01:10:42]} {[%emt 00:01:08]} b3 {[%clk 01:06:54]} {[%emt
00:00:05]} 49. f5 {[%clk 01:11:00]} {[%emt 00:00:11]} b2 {[%clk 01:07:19]}
{[%emt 00:00:05]} 50. f6 {[%clk 01:11:14]} {[%emt 00:00:16]} b1=Q {[%clk
00:55:15]} {[%emt 00:12:35]} 51. f7 {[%clk 01:11:18]} {[%emt 00:00:27]} Qg1+
{[%clk 00:55:40]} {[%emt 00:00:04]} 52. Kh6 {[%clk 01:10:46]} {[%emt 00:01:02]}
Qe3 {[%clk 00:56:00]} {[%emt 00:00:09]} 53. Kh7 {[%clk 01:11:09]} {[%emt
00:00:06]} Qxh3+ {[%clk 00:56:28]} {[%emt 00:00:03]} 54. Kg8 {[%clk 01:11:33]}
{[%emt 00:00:07]} Nf6+ {[%clk 00:56:36]} {[%emt 00:00:21]} 55. Kg7 {[%clk
01:11:50]} {[%emt 00:00:13]} Nd7 {[%emt 00:00:11]} 56. Kg8 {[%clk 01:11:13]}
{[%emt 00:01:06]} Ke7 {[%clk 00:57:05]} {[%emt 00:00:22]} 57. Kg7 {[%clk
01:11:16]} {[%emt 00:00:26]} Qh5 {[%clk 00:57:29]} {[%emt 00:00:06]} 58. Kg8
{[%clk 01:11:08]} {[%emt 00:00:39]} Qxg6+ {[%clk 00:57:50]} {[%emt 00:00:09]}
59. Kh8 {[%clk 01:11:29]} {[%emt 00:00:08]} Qh6+ {[%clk 00:58:12]} {[%emt
00:00:08]} 60. Kg8 {[%clk 01:11:46]} {[%emt 00:00:14]} Nf6+ {[%emt 00:00:03]}
0-1